| 000 | 00691cam a2200205 i 4500 | ||
|---|---|---|---|
| 999 |
_c12824 _d12824 |
||
| 003 | OSt | ||
| 005 | 20240702162654.0 | ||
| 008 | 231127e196408 maua b 001 0 eng | ||
| 020 |
_a9780262620017 _q(hardcover) |
||
| 042 | _apcc | ||
| 043 | _an-us--- | ||
| 082 | 0 | 4 | _a711.40973 |
| 100 | 1 |
_aLynch, Kevin, _d1918-1984, _eauthor. |
|
| 245 | 1 | 4 |
_aThe image of the city / _cKevin Lynch |
| 300 |
_avii, 194 pages : _billustrations ; _c21 cm |
||
| 504 | _aIncludes bibliographical references (pages 182-186) and index. | ||
| 650 | 0 |
_aCity planning _zUnited States. |
|
| 942 | _2ddc | ||